|
|
|
|
| LEADER |
00000nab a2200000 a 4500 |
| 001 |
vtls000908035 |
| 003 |
SK-MaSNL |
| 005 |
20260303202823.0 |
| 008 |
040720e20011003xo 0 slo |
| 035 |
|
|
|a KE16970
|
| 040 |
|
|
|a KEVKJB
|b slo
|c KEVKJB
|e AACR2
|
| 041 |
0 |
|
|a slo
|
| 044 |
|
|
|a xo
|c SK
|
| 080 |
|
|
|a 797.25
|2 1981
|
| 100 |
0 |
|
|a (špa)
|4 aut
|9 1007761
|
| 245 |
1 |
0 |
|a Starší žiaci ŠKP obhájili majstrovský titul
|
| 300 |
|
|
|b 1 foto
|
| 610 |
2 |
7 |
|a ŠKP Košice
|2 KEVKJB
|9 877485
|
| 650 |
0 |
7 |
|a vodné pólo
|2 KEVKJB
|9 3219
|
| 650 |
0 |
7 |
|a žiaci starší
|2 KEVKJB
|9 883560
|
| 650 |
0 |
7 |
|a liga 1.
|2 KEVKJB
|9 876089
|
| 650 |
0 |
7 |
|a titul majstra Slovenska
|2 KEVKJB
|9 873221
|
| 650 |
0 |
7 |
|a získanie
|2 KEVKJB
|9 311597
|
| 651 |
|
7 |
|a Košice (Slovensko)
|2 KEVKJB
|9 18694
|
| 651 |
|
7 |
|a KE,
|2 KEVKJB
|9 877256
|
| 655 |
|
7 |
|a periodikum
|2 snkbucl
|9 29553
|
| 710 |
2 |
|
|a ŠKP Košice
|4 aut
|9 877485
|
| 773 |
0 |
8 |
|t Košický denník Korzár
|g Roč. 4, č.227, 3.10.2001, s. 3
|x 1335-4566
|
| 773 |
0 |
8 |
|i Príl.:
|t Šport
|
| 852 |
|
|
|a ZVYKNI
|b KIS3GCP
|
| 999 |
|
|
|c 2182000
|d 2183930
|